Statistics for Toilet bound hanako-kun guess the character

Click here to take the quiz!

General Stats

  • This quiz has been taken 196 times
  • The average score is 9 of 11

Answer Stats

HintAnswer% Correct
Amane's younger brotherTsukasa
95%
A purpled haired girl that's friends with the main protagonistAoi
94%
A first year at gakuens school who visits the toilet spiritnene yashiro
94%
A spirit that haunts the toiletshanako\amane
93%
Unpopular teenage boy with light blue eyes and spiky yellow hairMinamoto kou
90%
A spirit that was apart of the photography club before deathmitsuba
88%
A girl who is apart of the broadcasting club and signed a contract to be a assistantnanamine sakura
84%
The older sibling of 2 in a family of exorcistMinamoto teru
77%
A supernatural who had a past with the toilet spirit and was a science teachertsuchigomori
69%
Tall boy who is apart of broadcasting club with messy red and black undercut hairHyuuga natsuhiko
64%
A supernaturally wanting to bring a loved one back by rebuilding their bodyyako
63%

Score Distribution

Percentile by Number Answered

Percent of People with Each Score

Your Score History

You have not taken this quiz